[Event "Stare Mesto op"]
[Site "Stare Mesto"]
[Date "2021.08.20"]
[Round "8"]
[White "Blazek, Matej"]
[Black "Shanel, Jaroslav"]
[Result "1-0"]
[WhiteElo "1743"]
[BlackElo "2135"]
[PlyCount "81"]
[EventDate "2021.08.13"]
[EventType "swiss"]
[EventRounds "9"]
[EventCountry "CZE"]
[SourceTitle "CBM 203 Extra"]
[Source "ChessBase"]
[SourceDate "2021.09.30"]
[SourceVersion "1"]
[SourceVersionDate "2021.09.30"]
[SourceQuality "1"]

1. e4 e5 2. Nf3 Nc6 3. d4 exd4 4. Bc4 Be7 5. c3 Nf6 6. e5 Ne4 7. Bd5 Nc5 8. cxd4 Ne6 9. 0-0 0-0 10. Nc3 Nb4 11. Bb3 c6 12. a3 Na6 13. d5 cxd5 14. Nxd5 Nac5 15. Bc2 a5 16. Be3 a4 17. Nd4 Nxd4 18. Bxd4 Ra6 19. Nxe7+ Qxe7 20. Bxh7+ Kh8 21. Bc2 Nb3 22. Bxb3 axb3 23. Qxb3 Qe6 24. Qxe6 Rxe6 25. Bc5 Rfe8 26. Bd6 b6 27. a4 f6 28. f4 fxe5 29. fxe5 Bb7 30. a5 bxa5 31. Rxa5 Rg6 32. g3 Rc8 33. Ra7 Bc6 34. Rc1 Rg4 35. b4 Re8 36. Ra5 Rd4 37. b5 Bf3 38. Ra2 Bd5 39. Rb2 Ra8 40. b6 Bb7 41. Kf2 1-0

[Event "Stare Mesto op"]
[Site "Stare Mesto"]
[Date "2021.08.18"]
[Round "6"]
[White "Blazek, Matej"]
[Black "Hurtak, Otto"]
[Result "1/2-1/2"]
[WhiteElo "1743"]
[BlackElo "2015"]
[PlyCount "53"]
[EventDate "2021.08.13"]
[EventType "swiss"]
[EventRounds "9"]
[EventCountry "CZE"]
[SourceTitle "CBM 203 Extra"]
[Source "ChessBase"]
[SourceDate "2021.09.30"]
[SourceVersion "1"]
[SourceVersionDate "2021.09.30"]
[SourceQuality "1"]

1. e4 c5 2. Nf3 g6 3. d4 cxd4 4. Nxd4 Bg7 5. c4 Nc6 6. Be3 Nf6 7. Nc3 Ng4 8. Qxg4 Nxd4 9. Qd1 Ne6 10. Qd2 Qa5 11. Rc1 b6 12. f3 Bb7 13. b3 g5 14. Nd5 Qxd2+ 15. Kxd2 Rc8 16. Be2 d6 17. h4 h6 18. hxg5 hxg5 19. Rxh8+ Bxh8 20. Rh1 Bd4 21. Rh5 Bxe3+ 22. Kxe3 Kd7 23. g3 Rg8 24. Nc3 Bc6 25. Bf1 Nc7 26. Rh7 Ke8 27. Bh3 1/2-1/2